header

Radar technology applied to migratory conservation and management (Record no. 60232)

MARC details
000 -LEADER
fixed length control field 01994nam a2200397 a 4500
245 00 - TITLE STATEMENT
Title Radar technology applied to migratory conservation and management
260 ## - PUBLICATION, DISTRIBUTION, ETC. (IMPRINT)
Place of publication New York :
Name of publisher Nova Science Publishers, Inc.,
Year of publication c2009.
300 ## - PHYSICAL DESCRIPTION
Number of Pages vii, 165 p. :
Other physical details ill. (some col.)
500 ## - GENERAL NOTE
General note "This is an edited, reformatted and augmented edition of a U.S. Geological Survey Open-file report 2007-1361, entitled 'Applying radar technology to migratory [bird] conservation and management: strengthening and expanding a collaborative.'"--Preface.
General note Workshop held 24 - 26 October 2006, The Nativo Lodge, Albuquerque, New Mexico.
650 #0 - SUBJECT ADDED ENTRY--TOPICAL TERM
Topical Term Radar in ornithology
Topical Term Birds
Topical Term Birds
700 1# - ADDED ENTRY--PERSONAL NAME
Personal name Kempthorne, Dirk,
Personal name Myers, Mark D.
856 40 - ELECTRONIC LOCATION AND ACCESS
Uniform Resource Identifier http://site.ebrary.com/lib/rucke/Doc?id=10680818

No items available.

© 2026 Rongo University
Contact us: librarian | system librarian | Rongo university